[Event "VIE-chT (Women)"]
[Site "Hanoi"]
[Date "2023.04.20"]
[Round "4"]
[White "Nguyen, Thi Hong"]
[Black "Tran, Mai Han"]
[Result "1-0"]
[WhiteElo "1114"]
[BlackElo "1964"]
[PlyCount "89"]
[EventDate "2023.04.18"]
[EventType "swiss"]
[EventRounds "9"]
[EventCountry "VIE"]
[SourceTitle "EXT 2024"]
[Source "ChessBase"]
[SourceDate "2023.10.10"]
[SourceVersion "1"]
[SourceVersionDate "2023.10.10"]
[SourceQuality "1"]

1. d4 Nf6 2. c4 g6 3. Nc3 Bg7 4. e4 d6 5. Nf3 0-0 6. Be2 e5 7. d5 Bd7 8. 0-0 Na6 9. Qc2 c6 10. h3 Rc8 11. Qd1 h6 12. Be3 Nh5 13. Ne1 Nf4 14. Bg4 c5 15. Bxd7 Qxd7 16. Kh2 Nc7 17. a4 Na6 18. Nb5 b6 19. a5 Nc7 20. Nxa7 Rb8 21. Nc6 Ra8 22. axb6 Rxa1 23. Qxa1 Na8 24. Qa6 Kh7 25. b7 Nc7 26. Qa7 f5 27. f3 Nxh3 28. gxh3 fxe4 29. b8Q Rxb8 30. Qxb8 Ne8 31. fxe4 Nf6 32. Rxf6 Bxf6 33. Qa7 Qxa7 34. Nxa7 g5 35. Nc8 Kg6 36. Nxd6 Be7 37. Bxc5 Kh7 38. b4 Kg8 39. b5 h5 40. b6 Bd8 41. b7 Bc7 42. Nd3 Bb8 43. Nxe5 g4 44. hxg4 hxg4 45. Nxg4 1-0

[Event "VIE-chT (Women)"]
[Site "Hanoi"]
[Date "2023.04.20"]
[Round "5"]
[White "Tran, Mai Han"]
[Black "Pham, Le Anh Thu"]
[Result "1-0"]
[WhiteElo "1964"]
[BlackElo "1927"]
[PlyCount "78"]
[EventDate "2023.04.18"]
[EventType "swiss"]
[EventRounds "9"]
[EventCountry "VIE"]
[SourceTitle "EXT 2024"]
[Source "ChessBase"]
[SourceDate "2023.10.10"]
[SourceVersion "1"]
[SourceVersionDate "2023.10.10"]
[SourceQuality "1"]

1. d4 d5 2. c4 e6 3. Nc3 Bb4 4. Nf3 Nf6 5. Bg5 Nbd7 6. a3 Bxc3+ 7. bxc3 0-0 8. e3 h6 9. Bh4 c6 10. cxd5 cxd5 11. Bd3 Qa5 12. Qc2 b5 13. 0-0 Ba6 14. Bg3 Rac8 15. Bd6 Rfe8 16. Bb4 Qb6 17. h3 Bb7 18. Ne5 a5 19. Nxd7 Nxd7 20. Bc5 Nxc5 21. dxc5 Rxc5 22. Rac1 Rec8 23. Qb2 Qa6 24. a4 Bc6 25. axb5 Bxb5 26. Bxb5 Rxb5 27. Qe2 a4 28. Rb1 Rcb8 29. Ra1 a3 30. e4 dxe4 31. Qxe4 a2 32. Qc4 Rc8 33. Qd3 Qa5 34. c4 Rcb8 35. cxb5 Rxb5 36. Rfc1 Rd5 37. Rc8+ Qd8 38. Rxd8+ Rxd8 39. Qxd8+ Kh7 1-0

[Event "VIE-chT (Women)"]
[Site "Hanoi"]
[Date "2023.04.19"]
[Round "3"]
[White "Tran, Mai Han"]
[Black "Tran, Thi Phuong Anh"]
[Result "0-1"]
[WhiteElo "1964"]
[BlackElo "1689"]
[PlyCount "42"]
[EventDate "2023.04.18"]
[EventType "swiss"]
[EventRounds "9"]
[EventCountry "VIE"]
[SourceTitle "EXT 2024"]
[Source "ChessBase"]
[SourceDate "2023.10.10"]
[SourceVersion "1"]
[SourceVersionDate "2023.10.10"]
[SourceQuality "1"]

1. d4 Nf6 2. c4 d6 3. Nc3 g6 4. e4 Bg7 5. Nf3 0-0 6. Be2 Nbd7 7. Bf4 e5 8. dxe5 dxe5 9. Bxe5 Nxe5 10. Nxe5 Nxe4 11. Qxd8 Rxd8 12. Nxf7 Bxc3+ 13. bxc3 Kxf7 14. 0-0 Be6 15. Bf3 Nd2 16. Rfd1 Nxf3+ 17. gxf3 Bxc4 18. Rxd8 Rxd8 19. Rb1 b5 20. a4 a6 21. Kg2 Rd3 0-1